LEADER 01013nam0-2200301 --450 001 9910984095803321 005 20250310125940.0 010 $a978-88-337-9811-0 100 $a20250310d--------kmuy0itay5050 ba 101 0 $aita 102 $aIT 105 $a 001yy 200 1 $aIntelligenza artificiale$eAI Act, Regolamento (UE) 1689/2024$eil nuovo scenario giuridico europeo$fa cura di Giancarlo Taddei Elmi e Alfonso Contaldo$gcon la collaborazione di Cecilia Cavaceppi e Sofia Marchiafava 210 $aPisa$dPacini giuridica$dc2024 215 $aXVIII, 308 p.$d24 cm 225 1 $aNuove leggi, nuovo diritto$v33 676 $a343.240999$v23$zita 702 1$aTaddei Elmi,$bGiancarlo 702 1$aContaldo,$bAlfonso 702 1$aCavaceppi,$bCecilia 702 1$aMarchiafava,$bSofia 801 0$aIT$bUNINA$gREICAT$2UNIMARC 901 $aBK 912 $a9910984095803321 952 $aVIII O 461$b2025/398$fFGBC 959 $aFGBC 996 $aIntelligenza artificiale$9278127 997 $aUNINA